00889cam a2200265 a 4500001000500000005001700005020001500022020002200037040002300059050002600082082001400108100002700122245004700149250001800196260004000214300002300254505000800277520018000285521002000465521002000485650002600505650002100531650004600552650002500598122820240430134909.0 a0439388805 a0439388813 (pbk.) aDLCcDLCdDLCbeng00aPZ7.M3567585bCq 200200a[Fic]2211 aMartin, Ann M.,d1955-12aA corner of the universe /cAnn M. Martin. aFirst Edition aNew York :bScholastic Press,c2002 a189 pages :c20 cm aR  aThe summer that Hattie turns twelve, she meets the childlike uncle she never knew and becomes friends with a girl who works at the carnival that comes to Hattie's small town. a750 bLexile  aT bRaz-Plus  1aFamily lifevFiction. 1aUnclesvFiction. 1aPeople with mental disabilitiesvFiction. 1aFriendshipvFiction.